<?xml version="1.0" encoding="UTF-8"?><?xml-stylesheet type="text/xsl" href="static/style.xsl"?><OAI-PMH xmlns="http://www.openarchives.org/OAI/2.0/" xmlns:xsi="http://www.w3.org/2001/XMLSchema-instance" xsi:schemaLocation="http://www.openarchives.org/OAI/2.0/ http://www.openarchives.org/OAI/2.0/OAI-PMH.xsd"><responseDate>2026-04-27T19:45:58Z</responseDate><request verb="GetRecord" identifier="oai:uvadoc.uva.es:10324/61641" metadataPrefix="marc">https://uvadoc.uva.es/oai/request</request><GetRecord><record><header><identifier>oai:uvadoc.uva.es:10324/61641</identifier><datestamp>2023-09-19T19:01:05Z</datestamp><setSpec>com_10324_1191</setSpec><setSpec>com_10324_931</setSpec><setSpec>com_10324_894</setSpec><setSpec>col_10324_1379</setSpec></header><metadata><record xmlns="http://www.loc.gov/MARC21/slim" xmlns:doc="http://www.lyncode.com/xoai" xmlns:xsi="http://www.w3.org/2001/XMLSchema-instance" xmlns:dcterms="http://purl.org/dc/terms/" xsi:schemaLocation="http://www.loc.gov/MARC21/slim http://www.loc.gov/standards/marcxml/schema/MARC21slim.xsd">
<leader>00925njm 22002777a 4500</leader>
<datafield tag="042" ind1=" " ind2=" ">
<subfield code="a">dc</subfield>
</datafield>
<datafield tag="720" ind1=" " ind2=" ">
<subfield code="a">Rustam, Furqan</subfield>
<subfield code="e">author</subfield>
</datafield>
<datafield tag="720" ind1=" " ind2=" ">
<subfield code="a">Ishaq, Abid</subfield>
<subfield code="e">author</subfield>
</datafield>
<datafield tag="720" ind1=" " ind2=" ">
<subfield code="a">Kokab, Sayyida Tabinda</subfield>
<subfield code="e">author</subfield>
</datafield>
<datafield tag="720" ind1=" " ind2=" ">
<subfield code="a">Torre Díez, Isabel de la</subfield>
<subfield code="e">author</subfield>
</datafield>
<datafield tag="720" ind1=" " ind2=" ">
<subfield code="a">Vidal Mazón, Juan Luis</subfield>
<subfield code="e">author</subfield>
</datafield>
<datafield tag="720" ind1=" " ind2=" ">
<subfield code="a">Rodríguez, Carmen Lili</subfield>
<subfield code="e">author</subfield>
</datafield>
<datafield tag="720" ind1=" " ind2=" ">
<subfield code="a">Ashraf, Imran</subfield>
<subfield code="e">author</subfield>
</datafield>
<datafield tag="260" ind1=" " ind2=" ">
<subfield code="c">2022</subfield>
</datafield>
<datafield tag="520" ind1=" " ind2=" ">
<subfield code="a">With rapid urbanization, high rates of industrialization, and inappropriate waste disposal, water quality has been substantially degraded during the past decade. So, water quality prediction, an essential element for a healthy society, has become a task of great significance to protecting the water environment. Existing approaches focus predominantly on either water quality or water consumption&#xd;
prediction, utilizing complex algorithms that reduce the accuracy of imbalanced datasets and increase&#xd;
computational complexity. This study proposes a simple architecture of neural networks which is more efficient and accurate and can work for predicting both water quality and water consumption. An artificial neural network (ANN) consisting of one hidden layer and a couple of dropout and activation layers is utilized in this regard. The approach is tested using two datasets for predicting water quality and water consumption. Results show a 0.96 accuracy for water quality prediction which is better than existing studies. A 0.99 R2 score is obtained for water consumption prediction which is superior to existing state-of-the-art approaches.</subfield>
</datafield>
<datafield tag="024" ind2=" " ind1="8">
<subfield code="a">Water, 2022, Vol. 14, Nº. 21, 3359</subfield>
</datafield>
<datafield tag="024" ind2=" " ind1="8">
<subfield code="a">2073-4441</subfield>
</datafield>
<datafield tag="024" ind2=" " ind1="8">
<subfield code="a">https://uvadoc.uva.es/handle/10324/61641</subfield>
</datafield>
<datafield tag="024" ind2=" " ind1="8">
<subfield code="a">10.3390/w14213359</subfield>
</datafield>
<datafield tag="024" ind2=" " ind1="8">
<subfield code="a">3359</subfield>
</datafield>
<datafield tag="024" ind2=" " ind1="8">
<subfield code="a">21</subfield>
</datafield>
<datafield tag="024" ind2=" " ind1="8">
<subfield code="a">Water</subfield>
</datafield>
<datafield tag="024" ind2=" " ind1="8">
<subfield code="a">14</subfield>
</datafield>
<datafield tag="024" ind2=" " ind1="8">
<subfield code="a">2073-4441</subfield>
</datafield>
<datafield ind1=" " ind2=" " tag="653">
<subfield code="a">Water quality</subfield>
</datafield>
<datafield ind1=" " ind2=" " tag="653">
<subfield code="a">Water quality monitoring</subfield>
</datafield>
<datafield ind1=" " ind2=" " tag="653">
<subfield code="a">Agua - Calidad - Control</subfield>
</datafield>
<datafield ind1=" " ind2=" " tag="653">
<subfield code="a">Water consumption</subfield>
</datafield>
<datafield ind1=" " ind2=" " tag="653">
<subfield code="a">Agua - Consumo</subfield>
</datafield>
<datafield ind1=" " ind2=" " tag="653">
<subfield code="a">Water-supply</subfield>
</datafield>
<datafield ind1=" " ind2=" " tag="653">
<subfield code="a">Agua - Abastecimiento</subfield>
</datafield>
<datafield ind1=" " ind2=" " tag="653">
<subfield code="a">Neural networks (Computer science)</subfield>
</datafield>
<datafield ind1=" " ind2=" " tag="653">
<subfield code="a">Redes neuronales (Informática)</subfield>
</datafield>
<datafield ind1=" " ind2=" " tag="653">
<subfield code="a">Classification</subfield>
</datafield>
<datafield ind1=" " ind2=" " tag="653">
<subfield code="a">Artificial intelligence</subfield>
</datafield>
<datafield tag="245" ind1="0" ind2="0">
<subfield code="a">An artificial neural network model for water quality and water consumption prediction</subfield>
</datafield>
</record></metadata></record></GetRecord></OAI-PMH>